Liverpool Football Trivia - Statistics

General Stats
  • This quiz has been taken 32 times
  • The average score is 5 of 6
Answer Stats
Question Answer % Correct
Where does Liverpool play? Anfield
100%
What is Liverpool's most common nickname? The Reds
100%
What is the club's anthem? You'll Never Walk Alone
100%
When was LFC founded? 1892
62%
What number is on all Liverpool jerseys to show support to victims of the Hillsborough disaster? 97
62%
What color did Liverpool wear before the color red? blue and white
38%
No matching quizzes found
Score Distribution
Percent of People with Each Score
Percentile by Number Answered
Your Score History
You have not taken this quiz